[Event "Titled Tuesday intern op 30th Jan Early"]
[Site "Chess.com INT"]
[Date "2024.01.30"]
[Round "1"]
[White "Zeman, Matyas"]
[Black "Yeremyan, Alen"]
[Result "0-1"]
[WhiteElo "2321"]
[BlackElo "2279"]
[PlyCount "98"]
[EventDate "2024.01.30"]
[EventType "swiss (blitz)"]
[EventRounds "11"]
[EventCountry "USA"]
[SourceTitle "EXT 2025"]
[Source "ChessBase"]
[SourceDate "2024.10.14"]
[SourceVersion "1"]
[SourceVersionDate "2024.10.14"]
[SourceQuality "1"]

1. e4 c5 2. Nf3 Nc6 3. Bb5 e6 4. 0-0 Nge7 5. Re1 a6 6. Bf1 d5 7. exd5 Nxd5 8. d4 cxd4 9. Nxd4 Bd7 10. c4 Nf6 11. Nc3 Be7 12. Bf4 0-0 13. Nf3 Qb6 14. Qc2 Rfd8 15. Rad1 Be8 16. a3 Rac8 17. b4 Nd4 18. Nxd4 Rxd4 19. c5 Qd8 20. Be5 Rd7 21. Na4 Nd5 22. Qb3 Bf6 23. Bg3 h6 24. b5 Qa5 25. Bd6 axb5 26. Qxb5 Qxb5 27. Bxb5 Rxd6 28. Bxe8 Ra6 29. Bb5 Ra5 30. Rb1 Be7 31. Rec1 Rd8 32. g3 Nc7 33. c6 bxc6 34. Bxc6 Nd5 35. Rb3 Bf6 36. Bxd5 Raxd5 37. Rc2 Bd4 38. Kg2 h5 39. Nb6 R5d6 40. Nc4 Rc6 41. Ne3 Rxc2 42. Nxc2 Bc5 43. Ne3 Rd2 44. Nc4 Rxf2+ 45. Kh3 Rc2 46. Ne5 Bg1 47. g4 Bxh2 48. gxh5 Bxe5 49. Rb8+ Bxb8 0-1

[Event "Titled Tuesday intern op 28th Nov Late"]
[Site "Chess.com INT"]
[Date "2023.11.28"]
[Round "2"]
[White "Zeman, Matyas"]
[Black "Fernandez, Gerardo"]
[Result "1/2-1/2"]
[WhiteElo "2311"]
[BlackElo "2181"]
[PlyCount "136"]
[EventDate "2023.11.28"]
[EventType "swiss (blitz)"]
[EventRounds "11"]
[EventCountry "USA"]
[SourceTitle "EXT 2025"]
[Source "ChessBase"]
[SourceDate "2024.10.14"]
[SourceVersion "1"]
[SourceVersionDate "2024.10.14"]
[SourceQuality "1"]

1. e4 e6 2. d4 d5 3. e5 c5 4. Nf3 Nc6 5. Bd3 cxd4 6. 0-0 f6 7. Re1 fxe5 8. Nxe5 Nf6 9. Nxc6 bxc6 10. Nd2 Bd6 11. Nf3 0-0 12. Ne5 Qc7 13. Bf4 Ne4 14. Bxe4 Rxf4 15. Bxh7+ Kxh7 16. Qh5+ Kg8 17. Ng6 Rf6 18. Rad1 Bxh2+ 19. Kh1 Bd6 20. Rxd4 Rxg6 21. Qxg6 Qf7 22. Qg5 Bd7 23. Re2 e5 24. Ra4 e4 25. Qh4 Qf4 26. Qxf4 Bxf4 27. f3 Bf5 28. Ra6 exf3 29. gxf3 d4 30. Rxc6 Be3 31. c3 Rd8 32. cxd4 Bxd4 33. Rd2 Bf6 34. Rxf6 Rxd2 35. Rxf5 Rxb2 36. Ra5 Rb7 37. Kg2 Kf7 38. Ra6 Ke7 39. Kg3 Kf7 40. Kg4 Ke7 41. f4 Kf7 42. f5 Rb4+ 43. Kg5 Rb7 44. a4 Rc7 45. a5 Rb7 46. Rd6 Rc7 47. a6 Re7 48. Rd8 Rd7 49. Rb8 Rc7 50. Rb7 Re7 51. Kf4 Kf6 52. Rxe7 Kxe7 53. Ke5 Kf7 54. Kd6 Kf6 55. Kc7 Kxf5 56. Kb7 g5 57. Kxa7 g4 58. Kb7 g3 59. a7 g2 60. a8Q g1Q 61. Qf8+ Ke4 62. Qe7+ Kf3 63. Qf6+ Kg2 64. Kc6 Qc1+ 65. Kd5 Qd1+ 66. Ke6 Qf1 67. Qh4 Qf2 68. Qxf2+ Kxf2 1/2-1/2

[Event "Titled Tuesday intern op 21st Nov Late"]
[Site "Chess.com INT"]
[Date "2023.11.21"]
[Round "4"]
[White "Banzea, Alexandru Bogdan"]
[Black "Zeman, Matyas"]
[Result "1/2-1/2"]
[WhiteElo "2394"]
[BlackElo "2311"]
[PlyCount "148"]
[EventDate "2023.11.21"]
[EventType "swiss (blitz)"]
[EventRounds "11"]
[EventCountry "USA"]
[SourceTitle "EXT 2025"]
[Source "ChessBase"]
[SourceDate "2024.10.14"]
[SourceVersion "1"]
[SourceVersionDate "2024.10.14"]
[SourceQuality "1"]

1. d4 Nf6 2. Nc3 e6 3. Bf4 d5 4. Nb5 Na6 5. e3 c6 6. Nc3 Nb8 7. Bd3 b6 8. Nf3 Ba6 9. Ne5 Bxd3 10. cxd3 Nfd7 11. 0-0 Nxe5 12. Bxe5 Nd7 13. Bg3 Be7 14. Qa4 Qc8 15. Rac1 Qb7 16. b4 0-0 17. Qb3 Rac8 18. a3 Qa6 19. Na4 c5 20. dxc5 bxc5 21. b5 Qa5 22. Rc2 Nb6 23. Nb2 c4 24. dxc4 Qxa3 25. Qxa3 Bxa3 26. Ra1 Bxb2 27. Rxb2 Rxc4 28. h3 Ra4 29. Rxa4 Nxa4 30. Ra2 Nc3 31. Ra5 Ne2+ 32. Kh2 Nxg3 33. Kxg3 Rb8 34. Rxa7 Kf8 35. Ra5 Ke7 36. Kf4 Kf6 37. Kf3 Ke5 38. Ra7 Kf6 39. Ra5 Rb7 40. Ke2 Ke5 41. Kd3 Kd6 42. Ra6+ Kc5 43. Rc6+ Kxb5 44. Rc8 g6 45. g4 e5 46. g5 Re7 47. Rh8 Kc5 48. Rxh7 Kd6 49. h4 Ke6 50. e4 dxe4+ 51. Kxe4 Ra7 52. h5 Ra4+ 53. Ke3 gxh5 54. Rxh5 Kf5 55. g6+ Kxg6 56. Rxe5 Ra6 57. Rb5 Rf6 58. f4 Re6+ 59. Kf3 f5 60. Rc5 Ra6 61. Rc3 Re6 62. Kg3 Rb6 63. Rd3 Re6 64. Rb3 Rc6 65. Ra3 Kh5 66. Rd3 Rb6 67. Rc3 Rd6 68. Rb3 Re6 69. Rc3 Rd6 70. Rb3 Re6 71. Rc3 Rb6 72. Ra3 Rc6 73. Rd3 Rb6 74. Ra3 Rc6 1/2-1/2

[Event "CZE-chT1E 2324"]
[Site "Czech Republic"]
[Date "2023.11.12"]
[Round "2.3"]
[White "Bures, Jaroslav"]
[Black "Zeman, Matyas"]
[Result "1/2-1/2"]
[WhiteElo "2417"]
[BlackElo "2308"]
[PlyCount "66"]
[EventDate "2023.10.22"]
[EventType "team-tourn"]
[EventRounds "11"]
[EventCountry "CZE"]
[SourceTitle "EXT 2025"]
[Source "ChessBase"]
[SourceDate "2024.10.14"]
[SourceVersion "1"]
[SourceVersionDate "2024.10.14"]
[SourceQuality "1"]
[WhiteTeam "Jundrov Jezdci"]
[BlackTeam "Brno Moravska Slavia II"]
[WhiteTeamCountry "CZE"]
[BlackTeamCountry "CZE"]

1. e4 e5 2. Nf3 Nc6 3. Bc4 Nf6 4. Ng5 d5 5. exd5 Na5 6. Bb5+ c6 7. dxc6 bxc6 8. Bd3 Bd6 9. Nc3 0-0 10. Be2 Nd5 11. Nxd5 cxd5 12. d4 e4 13. h4 h6 14. Nh3 Qxh4 15. Be3 Nc4 16. Bxc4 dxc4 17. Qd2 Bg4 18. Kf1 Rab8 19. Kg1 Qf6 20. b3 Rfc8 21. Nf4 c3 22. Qc1 Rb5 23. Qf1 Rf5 24. Ne2 Qg6 25. a4 a5 26. Qe1 Bf3 27. Ng3 Bxg3 28. fxg3 Bg4 29. Rh4 h5 30. Rh1 Qd6 31. Bf2 Qd5 32. Qe3 Rc6 33. Be1 Qd6 1/2-1/2